Poétique du roman (notice n° 1925413)

détails MARC
000 -LEADER
fixed length control field 01391cam a2200133 4500500
005 - DATE AND TIME OF LATEST TRANSACTION
control field 20260329023209.0
041 ## - LANGUAGE CODE
Language code of text/sound track or separate title fre
042 ## - AUTHENTICATION CODE
Authentication code dc
100 10 - MAIN ENTRY--PERSONAL NAME
Personal name Jouve, Vincent
Relator term author
245 00 - TITLE STATEMENT
Title Poétique du roman
260 ## - PUBLICATION, DISTRIBUTION, ETC.
Name of publisher, distributor, etc. Armand Colin,<br/>
Date of publication, distribution, etc. 2020.<br/>
520 ## - SUMMARY, ETC.
Summary, etc. L’ambition de ce livre est d’initier le lecteur à la poétique du roman, c’est-à-dire aux différentes méthodes critiques qui intègrent l’analyse formelle dans leur démarche. Ouvrage de synthèse alliant l’exposé théorique à l’étude concrète, il se divise en deux parties. La première présente les approches narratologiques et sémiotiques, mais aussi les derniers développements de la psychocritique et de la sociocritique, ainsi que les apports les plus récents de la linguistique de l’énonciation et des théories de la lecture. La seconde propose, à titre d’illustration, des analyses précises, toujours centrées sur une dimension particulière du roman. Cette cinquième édition entièrement revue et corrigée fait état des nombreux travaux qui, ces dernières années, ont enrichi notre connaissance du récit. La « nouvelle narratologie » et les études culturelles sont désormais prises en compte. Le chapitre sur le plaisir du roman a été entièrement remanié.
856 41 - ELECTRONIC LOCATION AND ACCESS
Uniform Resource Identifier <a href="https://shs.cairn.info/poetique-du-roman--9782200625948?lang=fr&redirect-ssocas=7080">https://shs.cairn.info/poetique-du-roman--9782200625948?lang=fr&redirect-ssocas=7080</a>

Pas d'exemplaire disponible.

PLUDOC

PLUDOC est la plateforme unique et centralisée de gestion des bibliothèques physiques et numériques de Guinée administré par le CEDUST. Elle est la plus grande base de données de ressources documentaires pour les Étudiants, Enseignants chercheurs et Chercheurs de Guinée.

Adresse

627 919 101/664 919 101

25 boulevard du commerce
Kaloum, Conakry, Guinée

Réseaux sociaux

Powered by Netsen Group @ 2025